| 000 -LEADER |
| fixed length control field |
00895nam a22002297a 4500 |
| 005 - DATE AND TIME OF LATEST TRANSACTION |
| control field |
20251104113047.0 |
| 008 - FIXED-LENGTH DATA ELEMENTS--GENERAL INFORMATION |
| fixed length control field |
251104b ||||| |||| 00| 0 eng d |
| 020 ## - INTERNATIONAL STANDARD BOOK NUMBER |
| International Standard Book Number |
9788854413856 |
| 040 ## - CATALOGING SOURCE |
| Transcribing agency |
KH8 |
| 082 ## - DEWEY DECIMAL CLASSIFICATION NUMBER |
| Classification number |
583.887 FIN |
| 100 ## - MAIN ENTRY--PERSONAL NAME |
| Personal name |
FIN,ELENA |
| Relator term |
AUTHOR |
| 245 ## - TITLE STATEMENT |
| Title |
THE CARNIVOROUS PLANTS GUIDE |
| Remainder of title |
for Young Explorers |
| 300 ## - PHYSICAL DESCRIPTION |
| Extent |
48 PAGES |
| Other physical details |
COLOUR ILLUSTRATION |
| Dimensions |
21 cm x 30 cm |
| 520 ## - SUMMARY, ETC. |
| Summary, etc. |
Carnivorous plants are, without the shadow of a doubt, the member of the plant world that children find most intriguing! In a style that is simple and interesting as well as fun, this book brings together all of their characteristics along with many suggestions for growing them! |
| 521 ## - TARGET AUDIENCE NOTE |
| Target audience note |
Ages 9-12 years old |
| 650 ## - SUBJECT ADDED ENTRY--TOPICAL TERM |
| Topical term or geographic name entry element |
Juvenile Non Fiction |
| 655 ## - INDEX TERM--GENRE/FORM |
| Genre/form data or focus term |
Science |
| 655 ## - INDEX TERM--GENRE/FORM |
| Genre/form data or focus term |
Non Fiction |
| 655 ## - INDEX TERM--GENRE/FORM |
| Genre/form data or focus term |
Nature |
| 700 ## - ADDED ENTRY--PERSONAL NAME |
| Personal name |
TRIONFETTI,ROSSELLA |
| Relator term |
Illustrator |
| 942 ## - ADDED ENTRY ELEMENTS (KOHA) |
| Source of classification or shelving scheme |
|
| Koha item type |
Books - Non Ficton |